[Event "16th Battle of Senta - OPEN A"]
[Site "Senta"]
[Date "2012.07.20"]
[Round "8.10"]
[White "Cabarkapa, Novak"]
[Black "Vucinic, Gojko"]
[Result "0-1"]
[WhiteElo "2254"]
[BlackElo "2150"]
[PlyCount "50"]
[EventDate "2012.07.14"]

1. e4 c5 2. Nf3 a6 3. c3 e6 4. d4 d5 5. e5 Bd7 6. Bd3 cxd4 7. Nxd4 Nc6 8. Nxc6
Bxc6 9. O-O d4 10. Qe2 Bc5 11. c4 Ne7 12. Nd2 O-O 13. Ne4 Ba7 14. Bg5 h6 15.
Nf6+ Kh8 16. Bxh6 gxh6 17. Qd2 Ng8 18. Nxg8 Kxg8 19. Qxh6 f5 20. Qxe6+ Rf7 21.
Qg6+ Rg7 22. Qe6+ Rf7 23. g3 Qg5 24. f4 Qh5 25. Rae1 Bc5 0-1

[Event "16th Battle of Senta - OPEN A"]
[Site "Senta"]
[Date "2012.07.20"]
[Round "8.11"]
[White "Dudukovic, Nikola"]
[Black "Dimic, Pavle"]
[Result "1-0"]
[WhiteElo "2302"]
[BlackElo "2116"]
[PlyCount "81"]
[EventDate "2012.07.14"]

1. e4 c5 2. Nc3 Nc6 3. g3 g6 4. Bg2 Bg7 5. d3 d6 6. Be3 Nd4 7. Nge2 e6 8. O-O
Ne7 9. Nc1 O-O 10. Qd2 Rb8 11. Nd1 b6 12. c3 Ndc6 13. Bh6 Ba6 14. Bxg7 Kxg7 15.
f4 f5 16. Re1 Qd7 17. Nf2 Rbe8 18. d4 cxd4 19. cxd4 fxe4 20. Nxe4 Nf5 21. Nb3
Bc4 22. Ng5 h6 23. Nxe6+ Rxe6 24. Rxe6 Qxe6 25. d5 Qe3+ 26. Qxe3 Nxe3 27. dxc6
Nxg2 28. Kxg2 Bd5+ 29. Kf2 Bxc6 30. Rd1 Rd8 31. Rc1 Bd5 32. Rc7+ Kf6 33. Nd4
Bxa2 34. Rxa7 Bd5 35. g4 Re8 36. Rd7 Bc4 37. h4 Re7 38. Rxd6+ Kf7 39. Rxb6 Re4
40. Nf3 Rxf4 41. Ke3 1-0

[Event "16th Battle of Senta - OPEN A"]
[Site "Senta"]
[Date "2012.07.20"]
[Round "8.13"]
[White "Szabados, Karoly"]
[Black "Kumic, Filip"]
[Result "1/2-1/2"]
[WhiteElo "2091"]
[BlackElo "2216"]
[PlyCount "54"]
[EventDate "2012.07.14"]

1. Nf3 Nf6 2. b3 g6 3. e3 Bg7 4. Bb2 O-O 5. Be2 d6 6. c4 e5 7. d3 Nbd7 8. Nbd2
Re8 9. Qc2 c6 10. O-O d5 11. cxd5 Nxd5 12. a3 Nf8 13. Rfd1 Qe7 14. Rac1 f6 15.
Qb1 Bd7 16. Kh1 b6 17. Rg1 c5 18. Bd1 g5 19. g4 Rac8 20. Ne4 Bc6 21. b4 Ba8 22.
bxc5 bxc5 23. Ng3 Ne6 24. Nf5 Qd7 25. Rg3 Ne7 26. Qa2 Kh8 27. Kg1 Bd5 1/2-1/2

[Event "16th Battle of Senta - OPEN A"]
[Site "Senta"]
[Date "2012.07.20"]
[Round "8.15"]
[White "Pletl, Akos"]
[Black "Bejatovic, Bojana"]
[Result "1-0"]
[WhiteElo "2251"]
[BlackElo "1941"]
[PlyCount "71"]
[EventDate "2012.07.14"]

1. d4 f5 2. g3 Nf6 3. Bg2 g6 4. Nf3 Bg7 5. O-O O-O 6. b4 d6 7. Bb2 c6 8. c4 e5
9. dxe5 Ng4 10. Qb3 Nxe5 11. Nd4 Na6 12. Nd2 Nc7 13. a4 Rb8 14. Rad1 Ne6 15. a5
Qc7 16. N2f3 Nxf3+ 17. Bxf3 f4 18. Nxe6 Bxe6 19. Bxg7 Kxg7 20. Qc3+ Kg8 21. Qd4
fxg3 22. hxg3 c5 23. Qxd6 Qxd6 24. Rxd6 Bxc4 25. Rc1 Rxf3 26. exf3 Be2 27. Rxc5
Bxf3 28. Rf6 Bd1 29. Rc7 Bb3 30. Rd6 Ba4 31. f4 Bc6 32. a6 Be4 33. b5 Kh8 34.
g4 h5 35. gxh5 gxh5 36. Rh6+ 1-0

[Event "16th Battle of Senta - OPEN A"]
[Site "Senta"]
[Date "2012.07.20"]
[Round "8.16"]
[White "Simonyi, Zoltan"]
[Black "Banovic, Ivan"]
[Result "0-1"]
[WhiteElo "2219"]
[BlackElo "2072"]
[PlyCount "80"]
[EventDate "2012.07.14"]

1. c4 g6 2. Nc3 Bg7 3. g3 Nf6 4. Bg2 O-O 5. Rb1 c5 6. a3 d6 7. b4 Nc6 8. bxc5
dxc5 9. Bxc6 bxc6 10. d3 Ng4 11. Bd2 Qd4 12. Ne4 Ne5 13. Be3 Qd8 14. f3 f5 15.
Nxc5 Qa5+ 16. Kf2 Qxa3 17. Kg2 Nxc4 18. Bf2 Nb6 19. Nh3 Nd5 20. Qc2 Qa5 21. Ng5
Qc3 22. Qa2 Qf6 23. h4 Kh8 24. Rb3 Qe5 25. d4 Qd6 26. h5 h6 27. hxg6 Qxg6 28.
Nh3 f4 29. g4 Kg8 30. Kh2 h5 31. Qb1 Qxb1 32. Rhxb1 hxg4 33. fxg4 Bxg4 34. Ng1
Kf7 35. Kg2 Bf6 36. Nf3 Rh8 37. Bg1 Rag8 38. Kf2 Rh1 39. Rd1 Bxf3 40. Rxf3 Bh4+
0-1

[Event "16th Battle of Senta - OPEN A"]
[Site "Senta"]
[Date "2012.07.20"]
[Round "8.17"]
[White "Zarkovic, Mila"]
[Black "Andrejic, Vladica"]
[Result "0-1"]
[WhiteElo "1996"]
[BlackElo "2182"]
[PlyCount "80"]
[EventDate "2012.07.14"]

1. e4 e6 2. d4 d5 3. e5 c5 4. c3 Nc6 5. Nf3 cxd4 6. cxd4 Nh6 7. Bxh6 gxh6 8.
Be2 Qb6 9. Qd2 Bd7 10. O-O Bg7 11. Nc3 O-O 12. Rac1 f6 13. Na4 Qd8 14. Nc5 Bc8
15. Bb5 Ne7 16. Nd3 fxe5 17. Ndxe5 Nf5 18. Bd3 Bd7 19. Qb4 Nxd4 20. Qxd4 Rxf3
21. gxf3 Qg5+ 22. Kh1 Qxe5 23. Qg4 Rf8 24. Rg1 Rf7 25. Qh4 Bc6 26. Rg3 Qf4 27.
Qxf4 Rxf4 28. Rcg1 Rf7 29. Re1 Bd7 30. Rc1 Bc6 31. Re1 Bd7 32. b3 Kf8 33. Kg2
Bf6 34. Kf1 Bg5 35. Ke2 Ke7 36. Reg1 e5 37. Rxg5 hxg5 38. Rxg5 Kf6 39. Rh5 e4
40. fxe4 Bg4+ 0-1

[Event "16th Battle of Senta - OPEN A"]
[Site "Senta"]
[Date "2012.07.20"]
[Round "8.18"]
[White "Manojlovic, Sava"]
[Black "Sakic, Lorand"]
[Result "1-0"]
[WhiteElo "2077"]
[BlackElo "1971"]
[PlyCount "109"]
[EventDate "2012.07.14"]

1. d4 Nf6 2. Nf3 g6 3. c4 Bg7 4. Nc3 d5 5. g3 O-O 6. cxd5 Nxd5 7. Bg2 c5 8. e4
Nxc3 9. bxc3 cxd4 10. cxd4 Nc6 11. Be3 Qa5+ 12. Bd2 Qa6 13. Bf1 Qa3 14. Bc1
Qa5+ 15. Bd2 Qa3 16. Bc1 Qc3+ 17. Bd2 Qb2 18. Rb1 Qxa2 19. d5 Nd4 20. Nxd4 Bxd4
21. Bd3 b6 22. Rb4 Qa1 23. Rb1 Qa3 24. Rb3 Qd6 25. O-O Bh3 26. Re1 Bd7 27. Bb4
Bc5 28. Bxc5 Qxc5 29. Qd2 Rfc8 30. Qf4 Qd6 31. Qf3 e5 32. Qe3 Ba4 33. Rb2 Rc3
34. Qd2 Rac8 35. Ra1 Qd7 36. h4 b5 37. h5 a6 38. Kg2 Qd6 39. Rh1 Qf6 40. Rf1
Bb3 41. Ra1 Ba4 42. Rf1 Bb3 43. Ra1 Ba4 44. Rf1 Rb3 45. h6 g5 46. Rh1 Rxb2 47.
Qxb2 Rd8 48. Rh5 Bd1 49. Be2 Bxe2 50. Qxe2 Qg6 51. Qg4 f6 52. Rh1 Qf7 53. Qf5
Rd6 54. Rc1 Qd7 55. Rc8+ 1-0

[Event "16th Battle of Senta - OPEN A"]
[Site "Senta"]
[Date "2012.07.20"]
[Round "8.19"]
[White "Stojkovska, Monika"]
[Black "Dinic, Nenad"]
[Result "1-0"]
[WhiteElo "1909"]
[BlackElo "2024"]
[PlyCount "83"]
[EventDate "2012.07.14"]

1. e4 c5 2. Nf3 Nf6 3. e5 Nd5 4. Nc3 e6 5. Nxd5 exd5 6. d4 Nc6 7. dxc5 Bxc5 8.
Qxd5 d6 9. exd6 Qb6 10. Qe4+ Be6 11. Qh4 Bxd6 12. Bd3 Be7 13. Qg3 O-O-O 14. O-O
h6 15. Qf4 g5 16. Qa4 g4 17. Be3 Bc5 18. Bxc5 Qxc5 19. Nd2 h5 20. Nb3 Qb6 21.
Qb5 Qc7 22. Be4 h4 23. Nc5 Bd5 24. Bf5+ Be6 25. Bxe6+ fxe6 26. Nxe6 Qf7 27.
Nxd8 Rxd8 28. Rfd1 Rf8 29. Qe2 Qf5 30. Re1 Kb8 31. Rad1 Rf7 32. Qd2 a6 33. Re8+
Kc7 34. Qd6+ Kb6 35. Re2 h3 36. Qd3 Qh5 37. Qb3+ Kc7 38. Rd5 Qg6 39. Qd3 Qh6
40. Qg3+ Kb6 41. Qe3+ Qxe3 42. Rxe3 1-0

[Event "16th Battle of Senta - OPEN A"]
[Site "Senta"]
[Date "2012.07.20"]
[Round "8.20"]
[White "Marta, Dominik"]
[Black "Parnicki, Zlatko"]
[Result "0-1"]
[WhiteElo "1966"]
[BlackElo "2194"]
[PlyCount "70"]
[EventDate "2012.07.14"]

1. Nf3 Nf6 2. g3 g6 3. b3 Bg7 4. Bb2 b6 5. Bg2 Bb7 6. O-O O-O 7. d4 d5 8. c4 e6
9. Nc3 Nbd7 10. Qc2 Rc8 11. Rac1 Re8 12. Rfd1 Qe7 13. e3 c6 14. Re1 Qb4 15. a3
Qf8 16. e4 dxe4 17. Nxe4 Nxe4 18. Qxe4 Ba8 19. Qc2 c5 20. Rcd1 Red8 21. Re2
Bxf3 22. Bxf3 cxd4 23. Bxd4 Bxd4 24. Rxd4 Ne5 25. Rf4 g5 26. Rxe5 gxf4 27. Rg5+
Kh8 28. Be4 f6 29. Rg4 Qd6 30. Bf3 Qd3 31. Qb2 Rd4 32. Kg2 Rg8 33. Rh4 e5 34.
Bd5 Rxd5 35. cxd5 f3+ 0-1

[Event "16th Battle of Senta - OPEN A"]
[Site "Senta"]
[Date "2012.07.20"]
[Round "8.21"]
[White "Savic, Dragan"]
[Black "Sakic, Simeon"]
[Result "0-1"]
[WhiteElo "2174"]
[BlackElo "1961"]
[PlyCount "116"]
[EventDate "2012.07.14"]

1. b4 d5 2. Bb2 e6 3. b5 c5 4. e3 Nf6 5. Nf3 Bd6 6. c4 dxc4 7. a4 a5 8. Na3 b6
9. Nxc4 Bc7 10. d4 Nbd7 11. dxc5 Nxc5 12. Qxd8+ Bxd8 13. Nd6+ Ke7 14. Nxc8+
Rxc8 15. Ne5 Re8 16. Nc6+ Kf8 17. Be2 Nd5 18. O-O Bf6 19. Bxf6 Nxf6 20. Bf3 Rc7
21. Ne5 Nce4 22. Rfc1 Rec8 23. Rc6 Nd2 24. Be2 Nd5 25. Rd1 Ne4 26. Bf3 Nc5 27.
Bxd5 exd5 28. Rxd5 Nxa4 29. Rd7 Rxc6 30. bxc6 f6 31. Rf7+ Kg8 32. c7 Nc5 33.
Nc4 Kxf7 34. Nd6+ Ke6 35. Nxc8 Kd7 36. Nxb6+ Kxc7 37. Nc4 a4 38. Kf1 Kc6 39.
Na3 Kb6 40. Ke2 Ka5 41. Nc2 Kb5 42. f3 Kc4 43. e4 Kc3 44. Na3 Kb3 45. Nb5 a3
46. Nxa3 Kxa3 47. Ke3 Kb4 48. Kd4 Ne6+ 49. Kd5 Nf4+ 50. Kd6 Nxg2 51. Ke6 Kc4
52. e5 fxe5 53. Kxe5 Kd3 54. f4 Ke3 55. f5 Kf3 56. f6 gxf6+ 57. Kxf6 h5 58. h4
Kg4 0-1

[Event "16th Battle of Senta - OPEN A"]
[Site "Senta"]
[Date "2012.07.20"]
[Round "8.22"]
[White "Petrusic, Goran"]
[Black "Racz, Peter"]
[Result "1-0"]
[WhiteElo "1976"]
[BlackElo "2006"]
[PlyCount "83"]
[EventDate "2012.07.14"]

1. e4 c5 2. Nf3 d6 3. d4 cxd4 4. Nxd4 Nf6 5. Nc3 Nc6 6. f3 g6 7. Be3 Bg7 8. Qd2
O-O 9. Bc4 Bd7 10. Nxc6 bxc6 11. Bh6 Qc8 12. h4 Be6 13. Bxe6 Qxe6 14. O-O-O
Rfd8 15. Bxg7 Kxg7 16. h5 d5 17. hxg6 fxg6 18. Qh6+ Kg8 19. exd5 cxd5 20. Rde1
Qf7 21. Kb1 Re8 22. Re5 d4 23. Nb5 Rac8 24. Nxd4 e6 25. Qh3 Qd7 26. c3 Kf7 27.
Rhe1 Rb8 28. Rxe6 Rxe6 29. Qxe6+ Qxe6 30. Rxe6 Rd8 31. Ra6 Rd7 32. Nc6 Rd2 33.
Rxa7+ Ke6 34. Nd4+ Ke5 35. g3 Rg2 36. Re7+ Kd5 37. g4 Kc4 38. a4 Nd5 39. Rxh7
Kd3 40. a5 Ne3 41. a6 Nc4 42. Rb7 1-0

[Event "16th Battle of Senta - OPEN A"]
[Site "Senta"]
[Date "2012.07.21"]
[Round "9.2"]
[White "Dragovic, Momcilo"]
[Black "Gleizerov, Evgeny"]
[Result "0-1"]
[WhiteElo "2364"]
[BlackElo "2565"]
[PlyCount "60"]
[EventDate "2012.07.14"]

1. e4 e6 2. d4 d5 3. Nc3 Nf6 4. Bg5 Be7 5. e5 Nfd7 6. h4 h6 7. Be3 c5 8. Qg4 g6
9. Nf3 Nc6 10. O-O-O cxd4 11. Bxd4 a6 12. Qg3 Qc7 13. Re1 Nc5 14. Kb1 b5 15.
Bd3 Bb7 16. Qf4 Rh7 17. Bxc5 Bxc5 18. Qg3 Rh8 19. Ne2 O-O-O 20. c3 Qb6 21. Rhf1
b4 22. Rc1 Kb8 23. Qf4 Rd7 24. Ned4 Rc7 25. Ka1 h5 26. Rc2 Rhc8 27. Nxc6+ Bxc6
28. cxb4 Bxb4 29. Bxa6 Qxa6 30. Qxb4+ Bb7 0-1

[Event "16th Battle of Senta - OPEN A"]
[Site "Senta"]
[Date "2012.07.21"]
[Round "9.4"]
[White "Arsovic, Goran"]
[Black "Farkas, Tibor"]
[Result "1-0"]
[WhiteElo "2426"]
[BlackElo "2256"]
[PlyCount "79"]
[EventDate "2012.07.14"]

1. d4 Nf6 2. Nf3 g6 3. c4 Bg7 4. g3 c5 5. Bg2 Qa5+ 6. Nc3 Ne4 7. Qd3 Nxc3 8.
Bd2 O-O 9. Bxc3 Qc7 10. d5 d6 11. Bxg7 Kxg7 12. O-O Nd7 13. Qc3+ Kg8 14. e4 b5
15. cxb5 Rb8 16. Nd4 Re8 17. Rfc1 a6 18. a4 axb5 19. axb5 Rb7 20. Ra5 e6 21.
dxe6 fxe6 22. Nc6 e5 23. b4 Qb6 24. Ra6 Qc7 25. Na5 Rb6 26. Rxb6 Qxb6 27. Nc4
Qb8 28. bxc5 dxc5 29. Rd1 Re7 30. Qb3 Kg7 31. Rd6 Bb7 32. Qd3 Nf6 33. h3 Qa8
34. Nd2 Qa1+ 35. Kh2 Qb2 36. Qf3 Rf7 37. Nc4 Qxb5 38. Nxe5 Bxe4 39. Qc3 Rf8 40.
Nd7 1-0

[Event "16th Battle of Senta - OPEN A"]
[Site "Senta"]
[Date "2012.07.21"]
[Round "9.5"]
[White "Nadj Hedjesi, Balind"]
[Black "Zivkovic, Sava"]
[Result "0-1"]
[WhiteElo "2381"]
[BlackElo "2340"]
[PlyCount "46"]
[EventDate "2012.07.14"]

1. e4 c5 2. Ne2 Nc6 3. g3 d5 4. Bg2 dxe4 5. Nbc3 Nf6 6. Nxe4 Nxe4 7. Bxe4 g6 8.
O-O Bg7 9. d3 O-O 10. Be3 Qd6 11. Rb1 Bh3 12. Re1 e5 13. f4 f5 14. Bf3 Rae8 15.
c3 Kh8 16. fxe5 Nxe5 17. Nf4 Bg4 18. Bxg4 fxg4 19. Rf1 Nf3+ 20. Rxf3 gxf3 21.
Qxf3 g5 22. Qd5 Qxd5 23. Nxd5 Rf5 0-1

[Event "16th Battle of Senta - OPEN A"]
[Site "Senta"]
[Date "2012.07.21"]
[Round "9.8"]
[White "Ardeleanu, Alin"]
[Black "Tancik, Kristijan"]
[Result "0-1"]
[WhiteElo "2335"]
[BlackElo "2289"]
[PlyCount "98"]
[EventDate "2012.07.14"]

1. e4 e5 2. Nf3 Nf6 3. d4 Nxe4 4. Bd3 d5 5. Nxe5 Nd7 6. Qe2 Nxe5 7. Bxe4 dxe4
8. Qxe4 Be6 9. Qxe5 Qd7 10. Be3 Bd6 11. Qa5 Bd5 12. O-O Bxg2 13. Re1 Qg4 14.
Bf4+ Be4+ 15. Bg3 Qf3 16. Rxe4+ Qxe4 17. Nc3 Qc6 18. Bxd6 cxd6 19. Re1+ Kf8 20.
d5 Qd7 21. Qb4 h5 22. h3 Rh6 23. Re2 Rg6+ 24. Kf1 Re8 25. Rxe8+ Kxe8 26. Qh4
Qf5 27. Qd4 Kf8 28. Qxa7 Qxh3+ 29. Ke2 Qg4+ 30. Ke3 Qg5+ 31. Ke2 Qe5+ 32. Kf1
Kg8 33. Qxb7 Rf6 34. Qc8+ Kh7 35. Qh3 g6 36. Kg2 Rf5 37. a4 Qf4 38. Qe3 Rg5+
39. Kf1 Qg4 40. Qg3 Qc4+ 41. Qd3 Qh4 42. Ke1 Re5+ 43. Ne2 Qxa4 44. Kd2 Qb4+ 45.
Nc3 Qf4+ 46. Kd1 Qxf2 47. Ne2 Re3 48. Qd2 h4 49. Qe1 Qxe1+ 0-1

[Event "16th Battle of Senta - OPEN A"]
[Site "Senta"]
[Date "2012.07.21"]
[Round "9.10"]
[White "Kholopov, Alexander A"]
[Black "Dudukovic, Nikola"]
[Result "1/2-1/2"]
[WhiteElo "2289"]
[BlackElo "2302"]
[PlyCount "107"]
[EventDate "2012.07.14"]

1. d4 Nf6 2. c4 c5 3. d5 d6 4. Nc3 g6 5. e4 Bg7 6. Bd3 O-O 7. h3 Na6 8. Nf3 Nc7
9. O-O a6 10. a4 e5 11. dxe6 Nxe6 12. Bc2 b6 13. Be3 Ra7 14. Qd2 Re8 15. Rad1
Rd7 16. Rfe1 Bb7 17. Bh6 Bh8 18. b3 Bc6 19. Nd5 Bxd5 20. cxd5 Nc7 21. Bg5 Qc8
22. Qf4 Nh5 23. Qh4 f6 24. Bc1 Rf7 25. g4 Ng7 26. Qg3 Qd7 27. Nd2 b5 28. f4 f5
29. Nf3 fxe4 30. Ng5 Ref8 31. Nxf7 Qxf7 32. Bxe4 Nge8 33. f5 Nf6 34. fxg6 hxg6
35. Bg2 Nfxd5 36. Qxd6 Nc3 37. Rf1 Bf6 38. g5 Ne8 39. Qd3 Bd4+ 40. Kh1 Qe6 41.
Rxf8+ Kxf8 42. Rf1+ Kg7 43. Qf3 Qe7 44. Bd2 b4 45. Qc6 Nd6 46. Bf4 Nf5 47. Qxa6
Ne2 48. Rf3 Nxf4 49. Rxf4 Qe1+ 50. Bf1 Qe3 51. Qb7+ Kh8 52. Qc8+ Kg7 53. Qd7+
Kh8 54. Qc8+ 1/2-1/2

[Event "16th Battle of Senta - OPEN A"]
[Site "Senta"]
[Date "2012.07.21"]
[Round "9.13"]
[White "Kumic, Filip"]
[Black "Manojlovic, Sava"]
[Result "1-0"]
[WhiteElo "2216"]
[BlackElo "2077"]
[PlyCount "157"]
[EventDate "2012.07.14"]

1. c4 Nf6 2. Nc3 g6 3. g3 Bg7 4. Bg2 O-O 5. e3 d6 6. Nge2 e5 7. O-O c6 8. d4
Nbd7 9. b3 Re8 10. Ba3 Bf8 11. e4 exd4 12. Nxd4 Nc5 13. f3 Bg7 14. Nde2 Qe7 15.
Qd2 h5 16. Rad1 Bf8 17. h3 Nfd7 18. f4 Nf6 19. Bxc5 dxc5 20. e5 Nh7 21. Ne4 f6
22. Nd6 Rd8 23. Qc2 Qg7 24. Nxc8 Raxc8 25. Be4 f5 26. Bf3 Be7 27. g4 hxg4 28.
hxg4 fxg4 29. Bxg4 Rxd1 30. Rxd1 Rd8 31. Rxd8+ Bxd8 32. Qd3 Bh4 33. Qd6 Be7 34.
Qd7 Nf8 35. Qxb7 g5 36. Qxc6 gxf4 37. Qd5+ Kh8 38. Qh1+ Kg8 39. Qh5 Bg5 40. e6
Qf6 41. Nc3 f3 42. Qf7+ Qxf7 43. exf7+ Kxf7 44. Bxf3 Ke6 45. Bg4+ Ke5 46. Kf2
Ng6 47. Nb5 a5 48. Ke2 Nf4+ 49. Kd1 Nd3 50. Kc2 Nb4+ 51. Kb2 Bd2 52. Bf3 Be1
53. Bb7 Nd3+ 54. Kc2 Nf4 55. Kd1 Bf2 56. Bc8 Bh4 57. Bg4 Ng6 58. Kc2 Ne7 59.
Bd7 Be1 60. Kb2 Bb4 61. Be8 Nf5 62. Na3 Nd4 63. Nb1 Kd6 64. Bf7 Kc7 65. Bd5 Kb6
66. Be4 Be1 67. Kc1 Ne6 68. Kd1 Bf2 69. Nc3 Nc7 70. Ke2 Bg1 71. Bd5 Bd4 72.
Na4+ Ka6 73. Kd3 Ka7 74. Ke4 Na6 75. a3 Kb8 76. Bc6 Bg1 77. Kd5 Ka7 78. Bb5
Nc7+ 79. Kc6 1-0

[Event "16th Battle of Senta - OPEN A"]
[Site "Senta"]
[Date "2012.07.21"]
[Round "9.14"]
[White "Scepanovic, Labud"]
[Black "Stojkovska, Monika"]
[Result "1/2-1/2"]
[WhiteElo "2205"]
[BlackElo "1909"]
[PlyCount "114"]
[EventDate "2012.07.14"]

1. e4 c5 2. Nf3 d6 3. d3 Nc6 4. c3 g6 5. g3 Bg7 6. Bg2 e6 7. O-O Nge7 8. Re1
O-O 9. Na3 a6 10. Nc2 Qc7 11. Be3 b6 12. Qd2 Rd8 13. Bh6 Bh8 14. Rac1 Bb7 15.
Qf4 Ne5 16. Ng5 N7c6 17. Red1 c4 18. dxc4 Nxc4 19. Bh3 Bc8 20. b3 N4e5 21. Kg2
Qe7 22. Nd4 d5 23. Qh4 dxe4 24. Nxc6 Nxc6 25. Kf1 f5 26. f3 exf3 27. Qf4 Ne5
28. Nxf3 Nf7 29. Qe3 Nxh6 30. Qxh6 Bb7 31. Qe3 e5 32. Bg2 Bxf3 33. Bxf3 e4 34.
Be2 b5 35. Qb6 Bf6 36. Qc6 Kg7 37. Rxd8 Qxd8 38. Rd1 Qf8 39. Rd7+ Kh8 40. Qb7
Bxc3 41. Rxh7+ Kg8 42. Rc7 Bb2 43. Rc6 Qe8 44. Qb6 Kh7 45. Rc7+ Kg8 46. Bh5
gxh5 47. Qh6 Rd8 48. Qh7+ Kf8 49. Qh6+ Kg8 50. Qg5+ Kf8 51. Qxf5+ Kg8 52. Kg2
e3 53. Qg5+ Kf8 54. Qh6+ Kg8 55. Qh7+ Kf8 56. Qh6+ Kg8 57. Qh7+ Kf8 1/2-1/2

[Event "16th Battle of Senta - OPEN A"]
[Site "Senta"]
[Date "2012.07.21"]
[Round "9.19"]
[White "Parnicki, Zlatko"]
[Black "Sakic, Lorand"]
[Result "1-0"]
[WhiteElo "2194"]
[BlackElo "1971"]
[PlyCount "89"]
[EventDate "2012.07.14"]

1. e4 e5 2. Nf3 Nc6 3. Bb5 a6 4. Ba4 Nf6 5. O-O b5 6. Bb3 Be7 7. Re1 O-O 8. c3
d5 9. exd5 Nxd5 10. Nxe5 Nxe5 11. Rxe5 c6 12. d4 Bd6 13. Re1 Qh4 14. g3 Qh3 15.
Be3 Bg4 16. Qd3 Rae8 17. Nd2 f5 18. Qf1 Qh5 19. f3 Bh3 20. Qd3 f4 21. Bf2 Bf5
22. Qf1 Bh3 23. g4 Bxf1 24. gxh5 Bh3 25. Re4 Rc8 26. c4 Rf5 27. Kh1 bxc4 28.
Bxc4 Rxh5 29. Bxa6 Rb8 30. b3 Nc3 31. Bc4+ Kf8 32. Ree1 Rg5 33. Rg1 Rxg1+ 34.
Kxg1 Re8 35. a4 Bb4 36. a5 Ne2+ 37. Bxe2 Rxe2 38. Ne4 Bxa5 39. Rxa5 Rb2 40.
Ra8+ Ke7 41. Ra7+ Ke8 42. Ra8+ Kd7 43. Ra1 Kc7 44. Nc5 Kb6 45. Na4+ 1-0

[Event "16th Battle of Senta - OPEN A"]
[Site "Senta"]
[Date "2012.07.21"]
[Round "9.20"]
[White "Bejatovic, Bojana"]
[Black "Petrusic, Goran"]
[Result "1-0"]
[WhiteElo "1941"]
[BlackElo "1976"]
[PlyCount "71"]
[EventDate "2012.07.14"]

1. Nf3 f5 2. d4 Nf6 3. e3 d5 4. Bd3 g6 5. b3 Bg7 6. Bb2 O-O 7. O-O Ne4 8. c4 c6
9. Nc3 e6 10. Ne2 Nd7 11. Nf4 Qe8 12. Rc1 h6 13. Ne5 Nxe5 14. dxe5 Kh7 15. Bxe4
fxe4 16. f3 exf3 17. Rxf3 Rg8 18. Qd3 Bd7 19. Rcf1 dxc4 20. bxc4 Rd8 21. Rg3
Bh8 22. c5 Bc8 23. Bd4 b6 24. Qc2 bxc5 25. Qxc5 Ba6 26. Qxa7+ Rg7 27. Qxa6 Ra8
28. Qc4 c5 29. Bxc5 Rg8 30. Nxe6 Bxe5 31. Rf7+ Kh8 32. Nf8 Rg7 33. Nxg6+ Kh7
34. Nxe5 Rxf7 35. Nxf7 Qa4 36. Qd3+ 1-0

[Event "16th Battle of Senta - OPEN A"]
[Site "Senta"]
[Date "2012.07.21"]
[Round "9.21"]
[White "Kaszas, Viktor"]
[Black "Marta, Dominik"]
[Result "1-0"]
[WhiteElo "2011"]
[BlackElo "1966"]
[PlyCount "137"]
[EventDate "2012.07.14"]

1. e4 e5 2. Nf3 Nf6 3. Nxe5 d6 4. Nf3 Nxe4 5. d4 d5 6. Bd3 Bd6 7. O-O O-O 8. c4
c6 9. Nc3 Re8 10. Re1 Nxc3 11. bxc3 Bg4 12. Rxe8+ Qxe8 13. cxd5 cxd5 14. Rb1 b6
15. Rb5 Qd7 16. h3 Bh5 17. Ne5 Qxb5 18. Qxh5 g6 19. Qf3 Qe8 20. Qxd5 Bxe5 21.
Qxa8 Bd6 22. Bd2 Qd7 23. Qe4 Kg7 24. Qh4 h5 25. Qg5 Qe6 26. d5 Qf6 27. Qxf6+
Kxf6 28. f4 Nd7 29. Kf2 Nc5 30. Bc2 b5 31. Kf3 a5 32. Be3 Ke7 33. Bd4 Nd7 34.
a4 b4 35. cxb4 Bxb4 36. f5 g5 37. Ke3 Kd6 38. h4 g4 39. Ke4 Be1 40. Bd3 f6 41.
Bb5 Nc5+ 42. Bxc5+ Kxc5 43. Be8 Bxh4 44. Bxh5 g3 45. Bf7 Bg5 46. Kf3 Bh6 47.
Kxg3 Bf8 48. Kh4 Be7 49. Kh5 Kd6 50. Kg6 Ke5 51. Be6 Bd6 52. g4 Be7 53. Kf7 Bd8
54. Ke8 Bb6 55. Ke7 Bc5+ 56. Kf7 Bb4 57. g5 fxg5 58. f6 Bc3 59. Kg6 g4 60. Bxg4
Kd6 61. Be6 Be5 62. Kf5 Bc3 63. f7 Bg7 64. Ke4 Kc5 65. Kf5 Kd6 66. Kg6 Bf8 67.
Kh7 Ke7 68. Kg8 Bh6 69. Bg4 1-0

[Event "16th Battle of Senta - OPEN A"]
[Site "Senta"]
[Date "2012.07.21"]
[Round "9.22"]
[White "Dinic, Nenad"]
[Black "Savic, Dragan"]
[Result "1/2-1/2"]
[WhiteElo "2024"]
[BlackElo "2174"]
[PlyCount "117"]
[EventDate "2012.07.14"]

1. e4 e6 2. d4 d5 3. e5 c5 4. c3 Nc6 5. Nf3 Qa5 6. dxc5 Qxc5 7. Be3 Qa5 8. Nbd2
Nge7 9. Bd3 Qc7 10. Bf4 Ng6 11. Bxg6 hxg6 12. O-O b6 13. Re1 Be7 14. Nb3 Ba6
15. a3 Rc8 16. Rc1 Qd8 17. Nbd4 Na5 18. b4 Nc6 19. Nxc6 Rxc6 20. Nd4 Bb7 21.
Nxc6 Bxc6 22. Qd2 Bb5 23. Ra1 Rh5 24. Qe3 Qd7 25. Rad1 Qc6 26. Rd4 Bc4 27. g4
Rh8 28. Kg2 Qa4 29. Qc1 Bd8 30. g5 b5 31. Rd2 Qa6 32. Re3 Qc6 33. Rd4 Bb6 34.
Rh3 Rxh3 35. Kxh3 Bxd4 36. cxd4 Qa6 37. Kg3 Qa4 38. Be3 Qb3 39. h3 Qd3 40. f3
Kd7 41. h4 Qf5 42. Qe1 Qc2 43. Qd2 Qb1 44. Qc1 Qb3 45. Kf2 Qd3 46. Kg3 Qe2 47.
Qd2 Qf1 48. Qc1 Qd3 49. Kf2 Qf5 50. Qh1 Qc2+ 51. Kg3 Be2 52. Qc1 Qf5 53. Bf4
Qd3 54. Be3 Bd1 55. Qc5 Qxa3 56. Qxb5+ Kc7 57. Qc5+ Kb8 58. Qb5+ Kc8 59. Qc6+
1/2-1/2

[Event "Vojvodina Championship 2012"]
[Site "Novi Sad"]
[Date "2012.06.29"]
[Round "1"]
[White "Vranes, Davorin"]
[Black "Drazic, Sinisa"]
[Result "0-1"]
[WhiteElo "2001"]
[BlackElo "2528"]
[PlyCount "76"]
[EventDate "2012.??.??"]
[Source "Perpetual Check"]

1. e4 c5 2. Nf3 e6 3. d4 a6 4. dxc5 Bxc5 5. Bd3 Nc6 6. O-O d6 7. Nc3 Nge7 8.
Qe2 b5 9. a3 Bb7 10. b4 Nd4 11. Nxd4 Bxd4 12. Bb2 Ng6 13. Nd1 Bxb2 14. Nxb2 Qf6
15. Ra2 O-O 16. Qe3 Rfc8 17. c4 Qc3 18. Nd1 Qb3 19. Rb2 Qxa3 20. cxb5 axb5 21.
Qd2 Bc6 22. f4 Be8 23. Kh1 Qa7 24. Nc3 Rab8 25. Ne2 Ra8 26. Nc3 Qb6 27. Ne2 Ra3
28. e5 dxe5 29. f5 exf5 30. Bxf5 Rd8 31. Qg5 Qd6 32. Bxg6 hxg6 33. Ng3 f6 34.
Qc1 Qd4 35. Re2 Rc3 36. Qb1 Qd3 37. Qe1 Bc6 38. Qf2 Qd4 0-1

[Event "Vojvodina Championship 2012"]
[Site "Novi Sad"]
[Date "2012.06.29"]
[Round "1"]
[White "Saric, Sinisa"]
[Black "Katic, Goran"]
[Result "1-0"]
[WhiteElo "2470"]
[BlackElo "1989"]
[PlyCount "75"]
[EventDate "2012.??.??"]
[Source "Perpetual Check"]

1. d4 Nf6 2. c4 e6 3. Nc3 Bb4 4. Qc2 c5 5. dxc5 Nc6 6. Nf3 O-O 7. Bg5 Bxc5 8.
e3 Be7 9. Be2 d6 10. O-O b6 11. Rfd1 Bb7 12. Rd2 a6 13. Rad1 Qc7 14. Bxf6 gxf6
15. Nd5 Qd8 16. Nxe7+ Qxe7 17. Rxd6 Rad8 18. Rxd8 Rxd8 19. Rxd8+ Qxd8 20. Qd2
Qe7 21. Ne1 e5 22. Nd3 Qd6 23. Qc3 e4 24. Nf4 Ne5 25. h3 f5 26. b4 f6 27. c5
bxc5 28. bxc5 Qc6 29. Bc4+ Kh8 30. Be6 Bc8 31. Bxc8 Qxc8 32. Qd4 Kg7 33. Qd6
Kf7 34. Qd5+ Ke7 35. Qd6+ Kf7 36. Nd5 Qe6 37. Qc7+ Qd7 38. Qxd7+ 1-0

[Event "Vojvodina Championship 2012"]
[Site "Novi Sad"]
[Date "2012.06.29"]
[Round "1"]
[White "Zlatkovic, Bosko"]
[Black "Nestorovic, Nikola"]
[Result "1/2-1/2"]
[WhiteElo "1986"]
[BlackElo "2437"]
[PlyCount "46"]
[EventDate "2012.??.??"]
[Source "Perpetual Check"]

1. e4 c5 2. c3 e6 3. d4 d5 4. e5 a6 5. Bd3 Bd7 6. Nf3 cxd4 7. cxd4 Bb5 8. Nc3
Bxd3 9. Qxd3 Nc6 10. O-O Nge7 11. a3 Nf5 12. b4 Be7 13. Ne2 h5 14. Ng3 Nxg3 15.
fxg3 Qb6 16. Be3 O-O-O 17. Rfc1 Kb8 18. Rab1 Na7 19. Ng5 Rhf8 20. Nh7 Rfe8 21.
Rf1 Rc8 22. Rxf7 Nb5 23. Rxg7 Rc4 1/2-1/2